| 000 | 00446nam a2200193Ia 4500 | ||
|---|---|---|---|
| 003 | GCL | ||
| 008 | 140319s9999 xx 000 0 eng d | ||
| 040 |
_aGCL / _cGCL |
||
| 082 | 0 | 4 |
_a759 _bB F |
| 100 | 1 | _aBARRD, H. P. | |
| 245 | 1 | 0 |
_aFRANS HALS / _cBARRD, H. P. |
| 700 | 1 | _aSTYCK, GEARYE | |
| 260 |
_a[S.N] : _bHARRY N. ABRAMS. |
||
| 650 | 0 | 4 | _aARTS |
| 650 | 0 | 4 | _aPAINTING |
| 650 | 0 | 4 | _aPAINTERS |
| 650 | 0 | 4 | _aHALS, FRANS |
| 942 |
_2ddc _cBK |
||
| 999 |
_c18950 _d18950 |
||